|
|
|
|
| LEADER |
00000nab a2200000 a 4500 |
| 001 |
vtls000013422 |
| 003 |
SK-MaSNL |
| 005 |
20260304071625.0 |
| 008 |
250422c1978 xo 0 slo |
| 015 |
|
|
|a SNBRB19rr/mm-uuuuu
|
| 035 |
|
|
|a CL0023516
|
| 035 |
|
|
|a urn:nbn:sk:snk-ab6q4t
|
| 035 |
|
|
|a (uuid)1941e974-a4b6-42b6-805e-391fcb1fc0ec
|
| 035 |
|
|
|a (urnnbn)urn:nbn:sk:snk:ar-a0543d
|
| 035 |
|
|
|a (sysno)vtls000013422
|
| 040 |
|
|
|a SNKBUCL
|b slo
|c SNKBUCL
|e AACR2
|
| 041 |
0 |
|
|a slo
|
| 044 |
|
|
|a xo
|c SK
|
| 080 |
|
|
|a 338.5
|2 1981
|
| 080 |
|
|
|a 331.2
|2 1981
|
| 100 |
1 |
|
|a Vlachynský, Karol,
|d 1929-
|4 aut
|9 253308
|
| 245 |
1 |
0 |
|a Postavenie ukazovateľa zisku v podnikovej sfére
|c Karol Vlachynský
|
| 300 |
|
|
|b Res. rus., angl.
|
| 650 |
0 |
7 |
|a zisk
|2 snkbucl
|9 13920
|
| 650 |
0 |
7 |
|a hmotná zainteresovanosť
|2 snkbucl
|9 83224
|
| 655 |
|
7 |
|a články z novín a časopisov
|2 snkbucl
|9 267496
|
| 773 |
0 |
|
|t Ekonomický časopis
|g Roč. 26, č. 7 (1978), s. 634-648
|
| 850 |
|
|
|a Slovenská národná knižnica
|
| 852 |
|
|
|a Slovenská národná knižnica
|
| 954 |
|
|
|a odborná, vedecká literatúra pôvodná (slovenská)
|2 lita
|
| 958 |
|
|
|a article27
|
| 958 |
|
|
|a RK
|
| 958 |
|
|
|a OND
|
| 958 |
|
|
|a EUIPO
|
| 992 |
|
|
|a RBX
|
| 999 |
|
|
|c 2761253
|d 2763183
|